Normal view
MARC view
- City planning
Entry Topical Term
001 - CONTROL NUMBER
- control field: 23634
003 - CONTROL NUMBER IDENTIFIER
- control field: NUST
005 - DATE AND TIME OF LATEST TRANSACTION
- control field: 20191014113508.0
008 - FIXED-LENGTH DATA ELEMENTS
- fixed length control field: 191014|| aca||aabn | a|a d
040 ## - CATALOGING SOURCE
- Original cataloging agency: NUST
- Transcribing agency: NUST
150 ## - HEADING--TOPICAL TERM
- Topical term or geographic name entry element: City planning
- Geographic subdivision: Great Britain
- Geographic subdivision: London
- Form subdivision: Case studies.
670 ## - SOURCE DATA FOUND
- Source citation: Work cat.: (NUST)0: Bowie, Duncan. 23633, Politics, planning and homes in a world city /, 2010.
